=LDR 00000nam 2200000 4500 =001 NUTBA000000000000141 =005 20170315111634.0 =006 =007 =008 =020 ##$$a 978-602-217-260-4 =035 ##$$0010-031400000000140 =082 ##$$a 657 =100 ##$$a Hery =245 ##$$a Akuntansi dan rahasia di baliknya untuk para manajer4 non-akuntansi =250 ##$$a Cet.1 =260 ##$$a Jakarta $b Bumi aksara $c 2012 =300 ##$$a Ix,180 hlm $b Ilus $c 23 cm =850 ##$$a NBPNMAT =990 ##$$a 6990/PN/2014 =990 ##$$a 93425/BPAP-NTB/2014 =990 ##$$a 21196196/BPAP-NTB/2014